Statistics for Largest Metropolitan Areas In Nordic Countries

Click here to take the quiz!

General Stats

  • This quiz has been taken 76 times
  • The average score is 9 of 11

Answer Stats

PopAnswer% Correct
1,546,706Oslo
100%
2,325,663Stockholm
99%
1,420,284Helsinki
99%
2,000,000Copenhagen
94%
1,015,974Gothenburg
92%
700,000Malmo
87%
402,624Bergen
86%
1,378,978Aarhus
66%
320,689Turku
61%
369,123Tampere
54%
325,695Stavanger
39%

Score Distribution

Percentile by Number Answered

Percent of People with Each Score

Your Score History

You have not taken this quiz